00656nam a22002057a 450000500170000001000190001702000410003603500180007703700090009508200150010410000170011924500950013625000060023126000380023727001160027530000210039149000080041250000060042070000240042620251017161825.0 aENG-146310-311 a9788194915676(Set of 3 Vol)c1398.00 aEN-129842-843 bDBAD a546.07621 aBhatia, K. N aObjective Biology For Neet Exam Conducted By Nta Set Of 3 Vol/cK.N Bhatia [and] K. Bhatia a1 aNew Delhib S. Dinesh & Co.c2025 bNew DelhiaGali No 3, Mohalla Panjabian, Ansari Road, Darya Ganjk011-23250628msdineshbengaluru@rediffmail.com a1439p.b28cm(pb) v2,3 a  aBhatia, K. eAuthor